000 00349nam a2200145Ia 4500
005 20251222152624.0
008 251222s9999||||xx |||||||||||||| ||spa||
020 _a9972729400
082 _a869.56/G26
100 _aGargurevich, Eduardo
245 0 _aEn Tela de Juicio
250 _a1ra.ed.
264 _bJaime Campodónico/ Editor
942 _cLIB
999 _c27481
_d27481